| 000 | 01225 a2200325 4500 | ||
|---|---|---|---|
| 005 | 20191211084521.0 | ||
| 008 | 191120s2012 cl ||||| |||| 00| 0 spa d | ||
| 020 | _a9789560003287 (T.1) | ||
| 020 | _a9789560003294 (T.2) | ||
| 040 |
_aCO-BoUCM _bspa _cSaul Niño _dSaul Niño |
||
| 041 | 0 | _aspa | |
| 100 | 1 | 0 |
_aAraujo, Kathya _999284 |
| 245 | 1 | 0 |
_aDesafíos comunes _bretrato de la sociedad chilena y sus individuos _cKathya Araujo, Danilo Martuccelli |
| 260 |
_aSantiago de Chile _bLOM Ediciones _c2012 |
||
| 300 | _a313 páginas | ||
| 490 | 0 | _aSerie individuo y ciencias sociales | |
| 490 | 0 | _aSocilogía. Ciencias Humanas | |
| 505 |
_gT.1 _tNeoliberalismo, democratización y lazo social |
||
| 505 |
_gT.2 _tTrabajo, sociabilidad y familias |
||
| 650 | 7 |
_910356 _aCambio social _zChile |
|
| 650 | 7 |
_912617 _aDemocracia _zChile |
|
| 650 | 7 |
_915547 _aFamilia _zChile |
|
| 650 | 7 |
_98171 _aTrabajo y clases trabajadoras _zChile _vEntrevistas |
|
| 650 | 7 |
_920188 _aNeoliberalismo |
|
| 650 | 7 |
_9386 _aSociología _zChile |
|
| 651 |
_aChile _xCondiciones sociales _999285 |
||
| 700 | 1 | 0 |
_aMartuccelli, Danilo _995323 |
| 942 |
_cLIBRO _2DEWEY _a5 _e1 _h303.4840983 _mA663c |
||
| 999 |
_c315191 _d315191 |
||